[Event "Chigorin Memorial"]
[Site "St Petersburg"]
[Date "2015.10.06"]
[Round "4.138"]
[White "Kakadzhanov, Timur"]
[Black "Mirzaeva, Gulnara"]
[Result "0-1"]
[WhiteElo "2082"]
[BlackElo "1890"]
[PlyCount "98"]
[EventDate "2015.10.03"]
[EventRounds "9"]
[EventCountry "RUS"]

1. d4 d5 2. c4 dxc4 3. Nc3 Nf6 4. Bg5 c6 5. e3 Be6 6. Bxf6 exf6 7. Nge2 Bd6 8.
g3 Qe7 9. Bg2 Na6 10. a3 O-O 11. O-O f5 12. Rc1 Nc7 13. Nf4 Bxf4 14. gxf4 Nd5
15. Ne2 Rfd8 16. Qc2 Rac8 17. Ng3 g6 18. Rfe1 b5 19. Qd2 Qc7 20. Ne2 Nf6 21.
Nc3 a6 22. Red1 Bd5 23. Nxd5 Nxd5 24. Qc2 Qe7 25. Kh1 Re8 26. Qd2 Qh4 27. Rg1
Nf6 28. f3 Re6 29. Rge1 Rce8 30. b3 cxb3 31. Rc3 Nd5 32. Rxb3 Nxf4 33. Rc1 Nxg2
34. Kxg2 Qe7 35. Kf2 Rd8 36. Rbc3 Qd6 37. f4 Qd7 38. Rc5 Qe8 39. Qe2 Rdd6 40.
a4 b4 41. Qd3 Qd8 42. Kg3 Qe7 43. Re1 g5 44. Rxf5 gxf4+ 45. Rxf4 Rg6+ 46. Kf3
Qg5 47. Qf1 Qh5+ 48. Ke4 Qxh2 49. Rxf7 Qc2+ 0-1

[Event "Chigorin Memorial"]
[Site "St Petersburg"]
[Date "2015.10.06"]
[Round "4.139"]
[White "Sorokopudov, Vladimir M"]
[Black "Efimenko, Aleksandr"]
[Result "0-1"]
[WhiteElo "2078"]
[BlackElo "1871"]
[PlyCount "148"]
[EventDate "2015.10.03"]
[EventRounds "9"]
[EventCountry "RUS"]

1. d4 d5 2. Nf3 e6 3. c4 c6 4. e3 Nf6 5. Nc3 Nbd7 6. cxd5 exd5 7. Bd3 Bd6 8.
O-O O-O 9. e4 dxe4 10. Nxe4 Nxe4 11. Bxe4 Qc7 12. Bg5 h6 13. Bd2 Nf6 14. Bd3
Bg4 15. h3 Bh5 16. Bf5 Rad8 17. Qb3 Nd5 18. Rfe1 Bf4 19. g4 Bg6 20. Bxg6 fxg6
21. Re4 Kh7 22. Rae1 Bxd2 23. Nxd2 Qf7 24. Qg3 Nf4 25. Kh2 Rd7 26. b3 Qf6 27.
Qe3 Nd5 28. Qg3 Qxf2+ 29. Qg2 Rdf7 30. Rf1 Qxg2+ 31. Kxg2 Rxf1 32. Nxf1 Rf4 33.
Nd2 g5 34. Kg3 Rxe4 35. Nxe4 Nf4 36. h4 Ne2+ 37. Kf2 Nxd4 38. hxg5 hxg5 39. Ke3
Ne6 40. Nd6 Nd8 41. Kd4 Kg6 42. Nc8 Kf6 43. Nxa7 Ne6+ 44. Ke4 Nc5+ 45. Ke3 Nd7
46. Kf3 Ne5+ 47. Kg3 Nd3 48. a3 Nc1 49. b4 Ne2+ 50. Kf2 Nd4 51. a4 Ke5 52. Nc8
Nc2 53. b5 cxb5 54. axb5 Na3 55. b6 Kf4 56. Nd6 Kxg4 57. Nxb7 Nc4 58. Nc5 Nxb6
59. Ne6 g6 60. Nf8 Kf5 61. Kg3 Nc4 62. Nd7 Nd6 63. Nc5 g4 64. Nd3 Ne4+ 65. Kg2
Nf6 66. Nf2 Nh5 67. Nd1 Kg5 68. Ne3 Kh4 69. Nd5 g5 70. Ne3 Nf4+ 71. Kf2 g3+ 72.
Kf3 Kh3 73. Ng4 g2 74. Nf2+ Kh4 0-1

[Event "Chigorin Memorial"]
[Site "St Petersburg"]
[Date "2015.10.06"]
[Round "4.140"]
[White "Sergeyev, Dmitriy"]
[Black "Kiseleva, Ekaterina"]
[Result "1-0"]
[WhiteElo "2077"]
[BlackElo "1859"]
[PlyCount "45"]
[EventDate "2015.10.03"]
[EventRounds "9"]
[EventCountry "RUS"]

1. e4 e5 2. Nf3 d6 3. Bc4 Nf6 4. Ng5 d5 5. exd5 Bg4 6. f3 Bh5 7. Qe2 Qe7 8. Nc3
Nbd7 9. d3 O-O-O 10. Be3 a6 11. Qf2 Ne8 12. g4 Bg6 13. O-O-O h6 14. Nge4 Ndf6
15. Bc5 Qd7 16. Bxf8 Rxf8 17. Qa7 c6 18. Nc5 Qc7 19. Nxb7 Nd6 20. Nxd6+ Rxd6
21. Bxa6+ Kd8 22. Qxc7+ Kxc7 23. dxc6 1-0

[Event "Chigorin Memorial"]
[Site "St Petersburg"]
[Date "2015.10.06"]
[Round "4.141"]
[White "Kuznetsov, Felix"]
[Black "Zhemchuzhina, Elizaveta"]
[Result "0-1"]
[WhiteElo "2074"]
[BlackElo "1857"]
[PlyCount "106"]
[EventDate "2015.10.03"]
[EventRounds "9"]
[EventCountry "RUS"]

1. e4 c5 2. Nf3 e6 3. d4 cxd4 4. Nxd4 Nf6 5. Nc3 Bb4 6. e5 Nd5 7. Bd2 Bxc3 8.
bxc3 O-O 9. Bd3 d6 10. exd6 Qxd6 11. O-O e5 12. Nb5 Qc6 13. Re1 a6 14. c4 Nf6
15. Nc3 Bg4 16. Qb1 Nbd7 17. Qb4 Be6 18. Rab1 Rab8 19. f4 Rfc8 20. fxe5 Ng4 21.
Nd5 Kh8 22. Bf4 b5 23. Qa3 Bxd5 24. h3 bxc4 25. Bf5 Nh6 26. Rxb8 Rxb8 27. e6
fxe6 28. Bxb8 Qb6+ 29. Kh1 Nxf5 30. Bg3 h6 31. Qc3 Nxg3+ 32. Qxg3 Qb2 33. c3
Qxa2 34. Rf1 Nf6 35. Rf2 Qb1+ 36. Kh2 Kh7 37. Qc7 Qg6 38. Qe5 a5 39. Ra2 Qe4
40. Qc7 Qg6 41. Qxa5 Ne4 42. Rc2 Qg3+ 43. Kg1 Qd3 44. Qa2 Nxc3 45. Qb2 Na4 46.
Qa2 Qb3 47. Kf2 Nc5 48. Qxb3 Ne4+ 49. Ke3 cxb3 50. Rb2 Nc3 51. Kd4 Na4 52. Rf2
b2 53. Rf1 Ba2 0-1

[Event "Chigorin Memorial"]
[Site "St Petersburg"]
[Date "2015.10.06"]
[Round "4.142"]
[White "Egorov, Daniil"]
[Black "Kochetkov, Victor N"]
[Result "1-0"]
[WhiteElo "2064"]
[BlackElo "1853"]
[PlyCount "73"]
[EventDate "2015.10.03"]
[EventRounds "9"]
[EventCountry "RUS"]

1. e4 a6 2. d4 d6 3. Nf3 h6 4. Be2 Nd7 5. O-O e5 6. b3 c6 7. Bb2 Qc7 8. Nbd2 b5
9. a4 Rb8 10. Nh4 Be7 11. Nf5 Bf6 12. Nf3 g6 13. Ne3 Ne7 14. Qd2 c5 15. dxe5
dxe5 16. axb5 axb5 17. Rfd1 Nc6 18. Nd5 Qd8 19. Nc3 b4 20. Nb5 Nd4 21. Nd6+ Ke7
22. Nc4 Kf8 23. Bxd4 exd4 24. Bd3 Bg5 25. Qe2 Nb6 26. Ra7 Kg7 27. Nfe5 Rb7 28.
Rda1 Rf8 29. Rxb7 Bxb7 30. Nxb6 Qxb6 31. Nd7 Qc6 32. Nxf8 Kxf8 33. Qf3 f5 34.
h4 Bd2 35. exf5 Qxf3 36. gxf3 Bxf3 37. fxg6 1-0

[Event "Chigorin Memorial"]
[Site "St Petersburg"]
[Date "2015.10.06"]
[Round "4.143"]
[White "Vorobyova, Valeriya"]
[Black "Muhtarov, Leonid"]
[Result "0-1"]
[WhiteElo "1850"]
[BlackElo "2060"]
[PlyCount "72"]
[EventDate "2015.10.03"]
[EventRounds "9"]
[EventCountry "RUS"]

1. e4 c5 2. Nf3 Nc6 3. d4 cxd4 4. Nxd4 Nf6 5. Nc3 d6 6. Be3 e6 7. f4 a6 8. Qf3
Qc7 9. O-O-O Be7 10. h3 O-O 11. g4 Nxd4 12. Bxd4 b5 13. f5 Bb7 14. g5 Ne8 15.
f6 Bd8 16. Rg1 b4 17. Ne2 e5 18. Bf2 Rc8 19. Rd2 Qc4 20. fxg7 Nxg7 21. Ng3 Qxa2
22. Rxd6 b3 23. Bd3 bxc2 24. Bxc2 Bxg5+ 25. Be3 Qa1+ 26. Kd2 Qxg1 27. Bxg5 Qc5
28. Qd3 Qf2+ 29. Ne2 Ne6 30. Be3 Qf3 31. Ng1 Qg2+ 32. Ne2 Rfd8 33. Bb6 Rxc2+
34. Ke3 Qxe2+ 35. Qxe2 Rxe2+ 36. Kxe2 Rxd6 0-1

[Event "Chigorin Memorial"]
[Site "St Petersburg"]
[Date "2015.10.06"]
[Round "4.144"]
[White "Lysenko, Margarita"]
[Black "Caglar, Sila"]
[Result "1-0"]
[WhiteElo "2059"]
[BlackElo "1804"]
[PlyCount "99"]
[EventDate "2015.10.03"]
[EventRounds "9"]
[EventCountry "RUS"]

1. d4 Nf6 2. c4 g6 3. Nc3 Bg7 4. e4 d6 5. Be2 O-O 6. Bg5 Nbd7 7. Qd2 e5 8. Nf3
Re8 9. O-O exd4 10. Nxd4 Nc5 11. f3 Nfxe4 12. Nxe4 Nxe4 13. fxe4 Bxd4+ 14. Kh1
f6 15. Qxd4 fxg5 16. c5 d5 17. Rad1 Be6 18. exd5 Qxd5 19. Qc3 Qxa2 20. Rd7 Bf7
21. Rdxf7 Qxf7 22. Bc4 Re6 23. Rxf7 Kxf7 24. Qe5 Rae8 25. Qxc7+ Kf6 26. Bxe6
Rxe6 27. h3 Re7 28. Qd6+ Kf7 29. b4 a6 30. Qd5+ Kf6 31. Qf3+ Kg7 32. c6 bxc6
33. Qxc6 Re1+ 34. Kh2 Rb1 35. Qc2 Rf1 36. Qc3+ Rf6 37. Qe5 h6 38. g3 Kf7 39.
Qc7+ Ke6 40. Kg2 Kf5 41. Kf3 g4+ 42. hxg4+ Kg5+ 43. Kg2 Kxg4 44. Qe5 Rf5 45.
Qe2+ Kg5 46. Qxa6 h5 47. Qd3 h4 48. Qd8+ Rf6 49. gxh4+ Kf5 50. b5 1-0

[Event "Chigorin Memorial"]
[Site "St Petersburg"]
[Date "2015.10.06"]
[Round "4.145"]
[White "Belkina, Yulia"]
[Black "Tishova, Svetlana"]
[Result "0-1"]
[WhiteElo "1847"]
[BlackElo "2058"]
[PlyCount "92"]
[EventDate "2015.10.03"]
[EventRounds "9"]
[EventCountry "RUS"]

1. e4 c5 2. Nf3 e6 3. Nc3 a6 4. d4 cxd4 5. Nxd4 b5 6. a3 Bb7 7. g3 Nf6 8. Bg2
Qc7 9. O-O Nc6 10. Nxc6 dxc6 11. Qe2 e5 12. Bh3 Bc8 13. Bxc8 Qxc8 14. Be3 Qh3
15. f3 Nd7 16. Qg2 Qxg2+ 17. Kxg2 Bc5 18. Bxc5 Nxc5 19. Rad1 Ke7 20. f4 Rad8
21. Kf3 f6 22. Ne2 Na4 23. b3 Nc5 24. Ke3 a5 25. fxe5 fxe5 26. Ng1 a4 27. bxa4
Rxd1 28. Rxd1 Nxa4 29. Nf3 Nb2 30. Ra1 Nc4+ 31. Kd3 Rc8 32. Ke2 Ra8 33. Kd3 Kd6
34. Kc3 Rxa3+ 35. Rxa3 Nxa3 36. Ng5 h6 37. Nf7+ Ke6 38. Nd8+ Kd7 39. Nf7 Nc4
40. Kb4 Ke7 41. Nh8 Kf6 42. h4 g6 43. Kc5 Kg7 44. Kxc6 Na3 45. Nxg6 Kxg6 46. c3
Nb1 0-1

[Event "Chigorin Memorial"]
[Site "St Petersburg"]
[Date "2015.10.06"]
[Round "4.146"]
[White "Golovkina, Anastasia"]
[Black "Kulagin, Sergey"]
[Result "0-1"]
[WhiteElo "1790"]
[BlackElo "2055"]
[PlyCount "78"]
[EventDate "2015.10.03"]
[EventRounds "9"]
[EventCountry "RUS"]

1. e4 c5 2. Nf3 Nc6 3. d4 cxd4 4. Nxd4 Nf6 5. Nc3 e5 6. Ndb5 d6 7. Bg5 a6 8.
Na3 b5 9. Nd5 Be7 10. Bxf6 Bxf6 11. c3 Bg5 12. Nc2 O-O 13. a4 bxa4 14. Rxa4 a5
15. Bc4 Rb8 16. b3 Kh8 17. O-O f5 18. exf5 Bxf5 19. Nce3 Bg6 20. Qe2 e4 21. Qa2
Be8 22. Ra3 Bh4 23. Be2 Bf7 24. Qc2 Bg6 25. Qd2 Rb7 26. Nc4 Bf7 27. f3 exf3 28.
Bxf3 Ne5 29. Nxa5 Rb5 30. c4 Bg5 31. Qc3 Bxd5 32. cxd5 Rxd5 33. b4 Rd3 34. Qa1
Nxf3+ 35. Rxf3 Qb6+ 36. Kh1 Rfxf3 37. gxf3 Rxa3 38. Qxa3 Qf2 39. Qd3 Bf4 0-1

[Event "Chigorin Memorial"]
[Site "St Petersburg"]
[Date "2015.10.06"]
[Round "4.147"]
[White "Mukhtarova, Viktoriya"]
[Black "Shuster, Andrei"]
[Result "1/2-1/2"]
[WhiteElo "1782"]
[BlackElo "2053"]
[PlyCount "180"]
[EventDate "2015.10.03"]
[EventRounds "9"]
[EventCountry "RUS"]

1. Nf3 Nf6 2. g3 g6 3. Bg2 Bg7 4. O-O d5 5. d3 O-O 6. Nbd2 c5 7. e4 Nc6 8. Re1
e6 9. c3 a5 10. a4 b6 11. e5 Nd7 12. d4 cxd4 13. cxd4 Ba6 14. Bf1 Nb4 15. Bxa6
Nxa6 16. Qe2 Nb4 17. Nf1 Rc8 18. Bg5 f6 19. exf6 Bxf6 20. Qxe6+ Kh8 21. Bh6 Rc6
22. Qg4 Rf7 23. Re2 Re7 24. Rae1 Nd3 25. Rxe7 Bxe7 26. Re2 Nf6 27. Qh3 Ne4 28.
Be3 Bf6 29. Ne1 Nb4 30. Nd2 Nd6 31. Nef3 Nf5 32. Ne5 Bxe5 33. dxe5 d4 34. Bf4
d3 35. Re1 Nc2 36. Rd1 Ncd4 37. Qg2 Rc2 38. Qe4 Ne2+ 39. Kf1 Nxf4 40. Qxf4 Qd5
41. Kg1 Rxb2 42. g4 Rb4 43. Qg5 Ng7 44. h3 Ne6 45. Qf6+ Kg8 46. Rc1 Nc5 47. Re1
Qe6 48. Qd8+ Kg7 49. Re3 Rf4 50. Nf3 Rf8 51. Qd4 h6 52. Ne1 d2 53. Qxd2 Nxa4
54. Nf3 Nc5 55. Nd4 Qe7 56. Qb2 Qb7 57. e6 Kh7 58. Qe2 Qd5 59. e7 Re8 60. Nb5
Qd7 61. Nc3 Qd6 62. Re5 a4 63. Nb5 Qd7 64. Kh2 Nd3 65. Re3 Qxb5 66. Rxd3 Qc6
67. Re3 a3 68. Re6 Qc7+ 69. Kg2 Qf4 70. Rxb6 Qf7 71. Re6 a2 72. Qxa2 Rxe7 73.
Re2 Qxa2 74. Rxa2 g5 75. Ra6 Rf7 76. Kg3 Kg7 77. f3 Rf8 78. Ra3 Kg6 79. h4
gxh4+ 80. Kxh4 Rf6 81. Rb3 h5 82. Ra3 hxg4 83. Kxg4 Rb6 84. f4 Kf6 85. Rh3 Kg7
86. Ra3 Kf7 87. f5 Rc6 88. Kg5 Rb6 89. Ra7+ Kf8 90. f6 Rb1 1/2-1/2

[Event "Chigorin Memorial"]
[Site "St Petersburg"]
[Date "2015.10.06"]
[Round "4.148"]
[White "Kopasov, Evgeny"]
[Black "Sapegin, Yaroslav"]
[Result "1-0"]
[WhiteElo "2050"]
[BlackElo "1769"]
[PlyCount "69"]
[EventDate "2015.10.03"]
[EventRounds "9"]
[EventCountry "RUS"]

1. d4 d5 2. c4 Nc6 3. Nc3 dxc4 4. Nf3 Nf6 5. e4 Bg4 6. d5 Bxf3 7. gxf3 Ne5 8.
Bf4 Nd3+ 9. Bxd3 cxd3 10. Qxd3 c6 11. O-O-O cxd5 12. Nxd5 Nxd5 13. Qxd5 Qxd5
14. Rxd5 e6 15. Rd2 Bc5 16. Rhd1 O-O 17. Rd7 Rac8 18. Kb1 Bxf2 19. Rxb7 Rfd8
20. Rxd8+ Rxd8 21. Bc7 Rc8 22. b4 g5 23. a4 Kg7 24. b5 Kg6 25. a5 h5 26. b6
axb6 27. axb6 f5 28. Ra7 g4 29. exf5+ exf5 30. b7 Rxc7 31. Ra6+ Kg5 32. b8=Q
Rc3 33. fxg4 hxg4 34. Qd8+ Kf4 35. Qd2+ 1-0

[Event "Chigorin Memorial"]
[Site "St Petersburg"]
[Date "2015.10.06"]
[Round "4.149"]
[White "Yun, Vyacheslav"]
[Black "Tebenkov, Vladislav"]
[Result "1/2-1/2"]
[WhiteElo "1770"]
[BlackElo "2050"]
[PlyCount "96"]
[EventDate "2015.10.03"]
[EventRounds "9"]
[EventCountry "RUS"]

1. e4 e5 2. f4 exf4 3. Nf3 d5 4. exd5 c6 5. dxc6 Nxc6 6. Bb5 Bd6 7. d4 Nge7 8.
O-O O-O 9. Nbd2 Bc7 10. Nc4 Bg4 11. Bxc6 bxc6 12. Qd3 Bf5 13. Qd1 Qd5 14. Nce5
f6 15. Nd3 g5 16. c3 Kg7 17. Nc5 Qf7 18. Re1 Rfe8 19. Bd2 Nd5 20. Qa4 Bd7 21.
Nxd7 Qxd7 22. c4 Ne3 23. Bxe3 fxe3 24. Re2 Re4 25. Rd1 Rd8 26. Rd3 g4 27. Ne1
f5 28. g3 f4 29. gxf4 Bxf4 30. Ng2 Bg5 31. Qd1 Rxd4 32. Rxd4 Qxd4 33. Qxd4+
Rxd4 34. Nxe3 Bxe3+ 35. Rxe3 Rxc4 36. Re7+ Kg6 37. Rxa7 Rc1+ 38. Kg2 Rc2+ 39.
Kg3 Rxb2 40. Ra6 Rc2 41. Kxg4 Rc4+ 42. Kf3 Kf5 43. Ke3 Ke5 44. Kf3 Kd5 45. Ra3
Rh4 46. Kg3 Rh6 47. Ra7 Kc5 48. Rb7 Kd5 1/2-1/2

[Event "Chigorin Memorial"]
[Site "St Petersburg"]
[Date "2015.10.06"]
[Round "4.150"]
[White "Movldiev, Ibragim"]
[Black "Gorodnichin, Leonid"]
[Result "1-0"]
[WhiteElo "2047"]
[BlackElo "1798"]
[PlyCount "87"]
[EventDate "2015.10.03"]
[EventRounds "9"]
[EventCountry "RUS"]

1. e4 e6 2. Qe2 c5 3. g3 g6 4. Bg2 Bg7 5. Nf3 Nc6 6. O-O Nge7 7. Nc3 O-O 8. d3
d6 9. Nd1 e5 10. c3 b6 11. Ne3 Bd7 12. Ne1 f5 13. f4 Rc8 14. Nc4 Be6 15. Nf3
fxe4 16. dxe4 b5 17. Na3 b4 18. Ng5 Bd7 19. Nb5 bxc3 20. Nxd6 Na5 21. Nxc8 Qxc8
22. bxc3 h6 23. Nf3 exf4 24. Bxf4 Bxc3 25. Rac1 Bb4 26. a3 Bxa3 27. Qa2+ Be6
28. Qxa3 Nc4 29. Qxa7 Rf7 30. Qc7 Qxc7 31. Bxc7 Nc6 32. Bf4 g5 33. Bxg5 hxg5
34. Nxg5 Ne3 35. Nxf7 Nxf1 36. Nh6+ Kh7 37. Rxf1 c4 38. Nf5 Bxf5 39. exf5 Nd4
40. f6 Kg8 41. Bd5+ Kf8 42. Bxc4 Nc2 43. Rb1 Nb4 44. Rxb4 1-0

[Event "Chigorin Memorial"]
[Site "St Petersburg"]
[Date "2015.10.06"]
[Round "4.151"]
[White "Zakharov, Yuri"]
[Black "Volkov, Roman"]
[Result "0-1"]
[WhiteElo "1733"]
[BlackElo "2044"]
[PlyCount "182"]
[EventDate "2015.10.03"]
[EventRounds "9"]
[EventCountry "RUS"]

1. Nf3 d5 2. d4 Nf6 3. g3 Bg4 4. Ne5 Bf5 5. c3 c6 6. Bg2 Nbd7 7. Nd3 e6 8. O-O
Bd6 9. Bf4 Bxf4 10. Nxf4 e5 11. dxe5 Nxe5 12. Qb3 Qd7 13. Nd2 g5 14. Nd3 Nxd3
15. exd3 O-O-O 16. Nf3 Rde8 17. Rad1 h5 18. Qa4 Kb8 19. Nxg5 h4 20. Qf4+ Ka8
21. Rfe1 Rxe1+ 22. Rxe1 hxg3 23. fxg3 Ng4 24. h3 Nh6 25. g4 f6 26. gxf5 fxg5
27. Qxg5 Nxf5 28. Re5 Nh4 29. Qe7 Qc8 30. Qe6 Qf8 31. Qe7 Qg8 32. Rg5 Qc8 33.
Rg4 Nf5 34. Qg5 Qe6 35. Qd2 a6 36. a4 Rf8 37. Qf2 Re8 38. Rf4 Nd6 39. Rf8 Qe5
40. Rxe8+ Nxe8 41. Bf3 Nd6 42. Qe2 Qg3+ 43. Bg2 Nf5 44. Qf3 Qe1+ 45. Bf1 Qe5
46. Bg2 d4 47. Qe4 Qf6 48. cxd4 Nxd4 49. h4 Ne6 50. Qg4 Nf4 51. Be4 Qd4+ 52.
Kh1 Nxd3 53. Qg8+ Ka7 54. Qg1 Nf2+ 55. Kg2 Qxe4+ 56. Kxf2 Qxh4+ 57. Ke2+ Kb8
58. a5 Qe4+ 59. Kd2 Qb4+ 60. Kc2 Qxa5 61. Qg8+ Ka7 62. Qg1+ Qb6 63. Qg5 a5 64.
Qf4 Qc5+ 65. Kb1 Qe7 66. Qd4+ b6 67. Qc4 Qd7 68. Qe2 b5 69. Qf2+ Kb7 70. Kc1 a4
71. Qc5 Qd5 72. Qe7+ Kb6 73. Qe8 Qc4+ 74. Kb1 Qd3+ 75. Ka2 b4 76. Qb8+ Kc5 77.
Qa7+ Kd6 78. Qb8+ Kc5 79. Qa7+ Kc4 80. Qa6+ Kd4 81. Qb6+ c5 82. Qd6+ Ke4 83.
Qxc5 Qd5+ 84. Qxd5+ Kxd5 85. Kb1 Kd4 86. Kc2 Kc4 87. Kc1 Kb3 88. Kb1 a3 89.
bxa3 Kxa3 90. Ka1 b3 91. Kb1 b2 0-1

[Event "Chigorin Memorial"]
[Site "St Petersburg"]
[Date "2015.10.06"]
[Round "4.152"]
[White "Hakobyan, Hovhannes H"]
[Black "Khochinsky, Andrey"]
[Result "1-0"]
[WhiteElo "2043"]
[BlackElo "1680"]
[PlyCount "111"]
[EventDate "2015.10.03"]
[EventRounds "9"]
[EventCountry "RUS"]

1. e4 e5 2. Nf3 Nc6 3. Nc3 Nf6 4. Be2 Bc5 5. Nxe5 Nxe5 6. d4 Bd6 7. dxe5 Bxe5
8. Nb5 a6 9. f4 axb5 10. fxe5 Nxe4 11. Qd5 Ng5 12. O-O Ne6 13. Qe4 O-O 14. Bxb5
d5 15. exd6 Qxd6 16. Bd3 g6 17. Bh6 Ng7 18. Qe3 Bd7 19. Bf4 Qb6 20. Qxb6 cxb6
21. Bc7 b5 22. a3 Rac8 23. Bd6 Rfe8 24. Rae1 Nf5 25. Be5 Ng7 26. Bc3 Nf5 27.
Kf2 Nd6 28. Rxe8+ Bxe8 29. Ke3 Nc4+ 30. Kd4 Rd8+ 31. Kc5 b6+ 32. Kb4 Ne3 33.
Rf2 Nd5+ 34. Kb3 Nxc3 35. Kxc3 Rc8+ 36. Kd4 Kg7 37. Ke5 f6+ 38. Ke6 Bf7+ 39.
Kd7 Rc5 40. b4 Rc3 41. Bxb5 Rxa3 42. Kc6 Ra2 43. Kxb6 Rb2 44. Kc5 Bb3 45. Bd3
Ba4 46. b5 f5 47. Re2 Kf6 48. c4 Rb3 49. Bc2 Rb2 50. Bd1 Rxe2 51. Bxe2 Ke7 52.
Kb6 Kd8 53. Kb7 Bc2 54. c5 Be4+ 55. c6 Bxg2 56. Kb8 1-0

[Event "Chigorin Memorial"]
[Site "St Petersburg"]
[Date "2015.10.06"]
[Round "4.153"]
[White "Illina, Natalia"]
[Black "Kozyakov, Andrey"]
[Result "1-0"]
[WhiteElo "2041"]
[BlackElo "1628"]
[PlyCount "59"]
[EventDate "2015.10.03"]
[EventRounds "9"]
[EventCountry "RUS"]

1. e4 c5 2. Nf3 d6 3. Bb5+ Bd7 4. Bxd7+ Nxd7 5. O-O Ngf6 6. Qe2 Qc7 7. c3 g6 8.
d4 cxd4 9. cxd4 Bg7 10. e5 Nd5 11. e6 N7f6 12. Ng5 Qb6 13. Nxf7 Rf8 14. Nc3
Nxc3 15. bxc3 Rc8 16. Bd2 Rxf7 17. exf7+ Kxf7 18. Rfe1 Qc7 19. Qe6+ Kf8 20.
Rab1 b6 21. Re2 Qd7 22. Qb3 Qg4 23. Rbe1 Rc7 24. a4 h5 25. a5 Rb7 26. Re6 d5
27. axb6 axb6 28. Qa3 Ne4 29. Qa8+ Kf7 30. R6xe4 1-0

[Event "Chigorin Memorial"]
[Site "St Petersburg"]
[Date "2015.10.06"]
[Round "4.155"]
[White "Keadana, Amir"]
[Black "Lauda, Alexandr"]
[Result "1-0"]
[WhiteElo "1730"]
[BlackElo "2033"]
[PlyCount "71"]
[EventDate "2015.10.03"]
[EventRounds "9"]
[EventCountry "RUS"]

1. e4 c6 2. d4 d5 3. exd5 cxd5 4. Bd3 Nf6 5. Bf4 Nc6 6. c3 g6 7. Nf3 Bg7 8.
Nbd2 O-O 9. O-O Nh5 10. Bg5 f6 11. Bh4 Nf4 12. Bb5 Qb6 13. Qb3 Na5 14. Qa4 a6
15. Bd7 g5 16. Bg3 Ne2+ 17. Kh1 Nxg3+ 18. fxg3 Nc6 19. Bxc8 Raxc8 20. Qb3 Qxb3
21. Nxb3 g4 22. Nh4 e6 23. Nc5 Nd8 24. Rae1 Rc6 25. Re2 Rd6 26. h3 f5 27. Rf4
Bh6 28. Rf1 Bg5 29. Kh2 f4 30. Rfe1 fxg3+ 31. Kxg3 Bf4+ 32. Kxg4 e5 33. dxe5
h5+ 34. Kxh5 Rc6 35. Nd7 Rh6+ 36. Kg4 1-0

[Event "Chigorin Memorial"]
[Site "St Petersburg"]
[Date "2015.10.06"]
[Round "4.157"]
[White "Shirshov, Nikolay"]
[Black "Pavlov, Anatoly F"]
[Result "0-1"]
[WhiteElo "1714"]
[BlackElo "2018"]
[PlyCount "94"]
[EventDate "2015.10.03"]
[EventRounds "9"]
[EventCountry "RUS"]

1. Nf3 d5 2. g3 Nf6 3. Bg2 g6 4. O-O Bg7 5. c4 d4 6. e3 c5 7. exd4 cxd4 8. d3
Nc6 9. Re1 O-O 10. a3 a5 11. Bf4 Nh5 12. Qd2 Nxf4 13. Qxf4 Qb6 14. Qc1 Qb3 15.
Bf1 Qb6 16. Nbd2 a4 17. Rb1 Re8 18. b4 axb3 19. Rxb3 Qc7 20. Qb2 h6 21. Bg2 Ra7
22. Rb5 Bf5 23. Ne4 Rea8 24. Nh4 Bc8 25. Ra1 Ne5 26. Qb3 Bd7 27. Rb4 Bc6 28. c5
e6 29. Nf3 Bd5 30. Qb1 Nxf3+ 31. Bxf3 Rxa3 32. Rxa3 Rxa3 33. Kg2 Qa5 34. Rxb7
f5 35. Rb8+ Kh7 36. Rb5 fxe4 37. dxe4 Qc3 38. Qd1 Bc6 39. Rb6 Qxc5 40. Rb1 d3
41. Qd2 Qc2 42. Qf4 Qxb1 43. h4 Ra1 44. Kh3 d2 45. Qxd2 Bxe4 46. h5 Bxf3 47.
hxg6+ Qxg6 0-1

[Event "Chigorin Memorial"]
[Site "St Petersburg"]
[Date "2015.10.06"]
[Round "4.158"]
[White "Borunova, Tatiana"]
[Black "Gordon, Evgeny"]
[Result "0-1"]
[WhiteElo "1599"]
[BlackElo "2015"]
[PlyCount "72"]
[EventDate "2015.10.03"]
[EventRounds "9"]
[EventCountry "RUS"]

1. e4 d6 2. d4 Nf6 3. f3 d5 4. e5 Nfd7 5. Bd3 c5 6. c3 Nc6 7. Ne2 e6 8. a3 cxd4
9. cxd4 Nxd4 10. O-O Nxe2+ 11. Qxe2 Bc5+ 12. Be3 Bxe3+ 13. Qxe3 Qb6 14. Qxb6
Nxb6 15. Nc3 Bd7 16. Rac1 Rc8 17. Bb5 a6 18. Na4 axb5 19. Nxb6 Rc6 20. Rxc6
Bxc6 21. Nc8 Kd7 22. Nd6 Ke7 23. Rc1 Rd8 24. Kf2 f6 25. f4 Kd7 26. g3 Ra8 27.
Rc5 Ra4 28. Nxb5 b6 29. b3 Ra8 30. Rxc6 Kxc6 31. Nd4+ Kd7 32. a4 fxe5 33. fxe5
Rc8 34. Ke2 Rc1 35. Kd3 Rd1+ 36. Ke2 Rxd4 0-1

[Event "Chigorin Memorial"]
[Site "St Petersburg"]
[Date "2015.10.06"]
[Round "4.160"]
[White "Feduk, Viktor"]
[Black "Scheglov, Dmitry"]
[Result "0-1"]
[WhiteElo "2136"]
[BlackElo "1910"]
[PlyCount "82"]
[EventDate "2015.10.03"]
[EventRounds "9"]
[EventCountry "RUS"]

1. e4 e6 2. d4 d5 3. Nd2 Be7 4. Ngf3 Nf6 5. e5 Nfd7 6. Bd3 c5 7. c3 Nc6 8. O-O
g5 9. a3 Qb6 10. h3 h5 11. b4 cxd4 12. cxd4 g4 13. Nh2 Nxd4 14. hxg4 Nxe5 15.
Nb3 Nxb3 16. Qxb3 hxg4 17. Be3 Qd6 18. g3 Nxd3 19. Qxd3 e5 20. Rad1 Be6 21.
Qb5+ Qc6 22. Qxc6+ bxc6 23. f4 gxf3 24. Nxf3 f6 25. Nh4 a5 26. Ng6 Rh3 27. Nxe7
Kxe7 28. Bc5+ Kf7 29. Rd3 axb4 30. Rdf3 f5 31. Bxb4 Rah8 32. Kf2 d4 33. Ke1 Kg6
34. Bd6 e4 35. Rf4 Bc4 36. g4 Bxf1 37. gxf5+ Kf6 38. Bc5 Ke5 39. Rxf1 Rh1 40.
f6 Rxf1+ 41. Kxf1 Rh6 0-1

[Event "Chigorin Memorial"]
[Site "St Petersburg"]
[Date "2015.10.06"]
[Round "4.162"]
[White "Gantsevich, Aleksei"]
[Black "Zemnitskiy, Alexander"]
[Result "1/2-1/2"]
[WhiteElo "2036"]
[BlackElo "1856"]
[PlyCount "90"]
[EventDate "2015.10.03"]
[EventRounds "9"]
[EventCountry "RUS"]

1. Nf3 d5 2. d4 Nf6 3. c4 e6 4. g3 c6 5. Bg2 Be7 6. O-O O-O 7. Nbd2 Nbd7 8. Qc2
b6 9. e4 dxe4 10. Nxe4 Bb7 11. Nxf6+ Bxf6 12. Rd1 Qe7 13. h4 h6 14. Bf4 Rad8
15. Ne5 Bxe5 16. dxe5 g5 17. hxg5 hxg5 18. Be3 Nxe5 19. Qe4 Ng6 20. b4 f5 21.
Qc2 Qf6 22. Bd2 e5 23. Bc3 Qe6 24. Bb2 e4 25. Rxd8 Rxd8 26. Rd1 Qe7 27. c5 b5
28. Rxd8+ Qxd8 29. Qb3+ Qd5 30. Qc3 Qf7 31. Qd4 Kh7 32. f3 e3 33. Qxe3 Qe7 34.
Qd4 f4 35. Kf1 Bc8 36. g4 Be6 37. Kf2 Bc4 38. Bf1 Qe3+ 39. Qxe3 fxe3+ 40. Ke1
Bxa2 41. Bd3 Kh6 42. Be4 Nf4 43. Bd4 Nd5 44. Bxd5 Bxd5 45. Ke2 Kg6 1/2-1/2

[Event "Chigorin Memorial"]
[Site "St Petersburg"]
[Date "2015.10.06"]
[Round "4.163"]
[White "Glazov, Anatoly"]
[Black "Oberholzer, Francois"]
[Result "0-1"]
[WhiteElo "1827"]
[BlackElo "2032"]
[PlyCount "104"]
[EventDate "2015.10.03"]
[EventRounds "9"]
[EventCountry "RUS"]

1. d4 Nf6 2. c4 c5 3. d5 b5 4. cxb5 a6 5. Nc3 axb5 6. Nxb5 Bb7 7. Nc3 e6 8. e4
Qa5 9. Qb3 Qb4 10. Qxb4 cxb4 11. Nb5 Na6 12. dxe6 dxe6 13. f3 Bc5 14. Bg5 O-O
15. Rd1 Rad8 16. Rxd8 Rxd8 17. Bc4 h6 18. Bh4 g5 19. Bg3 Be3 20. Be5 Nd7 21.
Bd6 Nb6 22. Bd3 Nc5 23. Bxc5 Bxc5 24. Ke2 Ba6 25. Nh3 Na4 26. Rb1 Rxd3 27. Kxd3
Bxb5+ 28. Kc2 Kf8 29. a3 Ke7 30. Kb3 bxa3 31. bxa3 Nb6 32. Rc1 Ba4+ 33. Ka2 Kd6
34. Ng1 Be3 35. Rb1 Bc2 36. Rb2 Bd3 37. Nh3 Kc5 38. Nf2 Bc4+ 39. Kb1 Na4 40.
Rc2 Kd4 41. Ka1 Bb3 42. Re2 h5 43. g3 e5 44. h4 gxh4 45. g4 hxg4 46. fxg4 f6
47. Nh3 Kxe4 48. g5 Kf3 49. Re1 fxg5 50. Kb1 g4 51. Ng1+ Bxg1 52. Rxg1 h3 0-1